| 000 | 00616nam a2200217Ia 4500 | ||
|---|---|---|---|
| 003 | OSt | ||
| 005 | 20220926014056.0 | ||
| 006 | a|||||r|||| 00| 0 | ||
| 007 | ta | ||
| 008 | 220923b |||||||| |||| 00| 0 eng d | ||
| 037 | _cGeneral Book | ||
| 040 |
_aRTL _cRTL _beng |
||
| 041 |
_2eng _aeng |
||
| 082 | _aX:3M24xM18:g, L0/SC | ||
| 100 |
_aSCHAFF Adam _913561 |
||
| 245 | 0 | _aMarxism and the human individual. | |
| 260 |
_aNew York _bMac- Graw Hill Books Company _c1970 |
||
| 300 |
_axii,268p. _ccm. |
||
| 942 |
_hX:3M24xM18:g, L0/SC _cGB _2CC |
||
| 999 |
_c627707 _d627707 |
||